000 02651nam a2200577 i 4500
001 56380
003 KOSZ 005
005 20220929124217.0
008 071017s2007 pl a |000 0 pol
015 _aUWD 2007/22384
035 _a991037335179705066
035 _a(PL-WaBN)b20014028-48omnis_nlop
035 _ab20014028
035 _a(OCoLC)750115400
035 _azz2007994677
035 _a(PL)b0000002001402
035 _a(EXLNZ-48OMNIS_NETWORK)9910343010305606
040 _aWA N
_cWA N
_dWA N
_dKOSZ 005/HR
041 0 _apol
_aeng
_beng
_bpol
046 _k2007
080 _a658.14/.17
080 _a657.05
245 0 0 _aMetody i narzędzia finansowej oceny przedsiębiorstwa i zarządzania finansami /
_cpod red. nauk. Zofii Wilimowskiej i Stanisława Stadtherra.
246 1 3 _aMethods and tools for company pricing and finance management
246 1 8 _aMetody i narzędzia finansowej oceny przedsiębiorstwa...
260 _aWrocław :
_bOficyna Wydawnicza Politechniki Wrocławskiej,
_c2007.
300 _a198, [2] s. :
_bil. ;
_c24 cm.
336 _aTekst
_btxt
_2rdacontent
337 _aBez urządzenia pośredniczącego
_bn
_2rdamedia
338 _aWolumin
_bnc
_2rdacarrier
380 _aKsiążki
388 _a2001-
490 1 _aPrace Naukowe Instytutu Organizacji i Zarządzania Politechniki Wrocławskiej. Studia i Materiały =
_aScientific Papers of the Institute of Industrial Engineering and Management of the Wrocław University of Technology. Studies and Research,
_x0324-9468 ;
_vno. 24
500 _aTyt. grzb.: Metody i narzędzia finansowej oceny przedsiębiorstwa... Numeracja serii gł.: 82.
504 _aBibliogr. przy pracach.
546 _aTekst częśc. ang. Streszcz. ang., pol. przy pracach. Spis treści także ang.
650 7 _aAnaliza finansowa
650 7 _aFinanse przedsiębiorstwa
_2DBN
650 7 _aRachunkowość zarządcza
_2DBN
650 7 _aZarządzanie finansami
_2DBN
658 _aGospodarka, ekonomia, finanse
658 _aZarządzanie i marketing
700 1 _aStadtherr, Stanisław
_eRedakcja
700 1 _aWilimowska, Zofia
_d(1949- )
_eRedakcja
710 2 _aOficyna Wydawnicza Politechniki Wrocławskiej
_4pbl
830 0 _aPrace Naukowe Instytutu Organizacji i Zarządzania Politechniki Wrocławskiej
_v82
830 0 _aPrace Naukowe Instytutu Organizacji i Zarządzania Politechniki Wrocławskiej.
_pStudia i Materiały
_v24
856 _uhttp://koha.tu.koszalin.pl/cgi-bin/koha/opac-detail.pl?biblionumber=56380
_yKatalog online BPK
942 _2UKD
_cKS
999 _c56380
_d56380